000 00775nam a2200229 i 4500
001 22897
003 ES-MaACL
005 20230906152757.0
007 t|
008 021205s1952 sp ||||1| spa d
080 _a929 Marañón, Gregorio
100 1 _aAlmodóvar, Francisco Javier.
_920156
245 1 0 _aMarañón o una vida fecunda /
_cFrancisco Javier Almodóvar, Enrique Warleta ; carta-prólogo de G. Marañón.
260 _aMadrid :
_bEspasa-Calpe,
_c1952.
300 _aXII, 468 p., [10] h. de lám. ;
_c21 cm.
599 _aRetr. de Gregorio Marañón
600 1 4 _aMarañón, Gregorio,
_d1887-1960-
_xBiografías
_976312
700 1 _aWarleta, Enrique.
_9116102
852 4 _aES-MaACL
_jD-7690
852 4 _aES-MaACL
_jD-7846
999 _c22897
_d22897